Normal view
MARC view
Entry Nombre de reunión
001 - NÚMERO DE CONTROL
- campo de control: 175628
003 - IDENTIFICADOR DEL NÚMERO DE CONTROL
- campo de control: OSt
005 - FECHA Y HORA DE LA ÚLTIMA TRANSACCIÓN
- campo de control: 20220329144321.0
008 - DATOS DE LONGITUD FIJA
- campo de control de longitud fija: 220329|| aca||aabn | a|a d
040 ## - FUENTE DE LA CATALOGACIÓN
- Centro catalogador/agencia de origen: OSt
- Centro/agencia transcriptor: OSt
111 ## - ENCABEZAMIENTO--NOMBRE DE CONGRESO/REUNIÓN
- Nombre de congreso/reunión o jurisdicción como elemento de entrada: Congreso sobre Parques Nacionales y Áreas Naturales Protegidas de México: pasado presente y futuro
- Número del congreso/reunión o número de parte o sección: (1:
- Fecha del congreso/reunión: 1993:
- Sede del congreso/Lugar de la reunión: La Trinidad, Tlaxcala)
670 ## - FUENTE DE DATOS ENCONTRADOS
- Cita de la fuente: Work cat.: (OSt)109242: Congreso sobre Parques Nacionales y Áreas Naturales Protegidas de México: pasado presente y futuro (1: 1993: La Trinidad, Tlaxcala), Memoria de resúmenes del Congreso sobre Parques Nacionales y Áreas Naturales Protegidas de México /, [1993].
